Terror i misèria del primer franquisme / set escenes de José Sanchis Sinisterra i Jaume Melendres ; traducció dels textos castellans, Jaume Melendres
Descripción Física:
59 p. ; 27 cm
Colección:
Materials pedagògics
Otros Autores:
Melendres, Jaume, 1941-2009
MARC
| LEADER | 00000nam a2200000Ia 4500 | ||
|---|---|---|---|
| 001 | 12392 | ||
| 008 | 160829s9999 xx 000 0 cat d | ||
| 080 | |a L-1-8 | ||
| 100 | |a Sanchis Sinisterra, José | ||
| 245 | |a Terror i misèria del primer franquisme / set escenes de José Sanchis Sinisterra i Jaume Melendres ; traducció dels textos castellans, Jaume Melendres | ||
| 260 | |a Barcelona : |b Institut del Teatre de la Diputació de Barcelona : |b Edicions del Mall ; 1983 | ||
| 300 | |a 59 p. ; |c 27 cm | ||
| 490 | |a Materials pedagògics | ||
| 700 | |a Melendres, Jaume, |d 1941-2009 |9 25255 | ||
| 901 | |a Arxiu | ||
| 942 | |n 1 | ||
| 952 | |0 0 |1 0 |4 0 |6 L18 |7 1 |9 43569 |a Arxiu |b Arxiu |d 2016-12-01 |l 0 |o L-1-8 |p 12392 |r 2016-12-01 00:00:00 |w 2016-12-01 |y ARXIU | ||
| 999 | |c 46116 |d 46116 | ||